Quick Pick: Famous French Quiz Stats

 Plays Quiz Updated May 9, 2018

Challenge
Share
Tweet
Embed
Score 0/10 Timer 01:00
1 Play Today
% Correct
Coco Chanel
93.4%
Louis XVI
90.1%
Alexandre Dumas
87.3%
Édith Piaf
84%
Jean-Paul Sartre
78.7%
Auguste Lumière
73.1%
Blaise Pascal
67.7%
Eugène Delacroix
55.8%
Ferdinand de Lesseps
55.4%
Antoine Lavoisier
54.7%

Today's Daily Dose

Word Ladder
Aquatic Life

On This Day
August 21st II

You're not logged in!

Compare scores with friends on all Sporcle quizzes.
Join for Free
OR
Log In

You Might Also Like...

Show Comments

Extras

Top Quizzes Today


Score Distribution

Your Account Isn't Verified!

In order to create a playlist on Sporcle, you need to verify the email address you used during registration. Go to your Sporcle Settings to finish the process.

Report this User

Report this user for behavior that violates our Community Guidelines.

Details: